Hiệp định Pari 40 năm nhìn lại

Giới thiệu những bài tham luận của các nhà khoa học nghiên cứu về Hiệp định Pari. Phân tích bối cảnh lịch sử, diễn biến của quá trình đàm phán Hội nghị Pari. Chính sách của Việt Nam và Hoa Kỳ. Quan điểm của các nước. Ý nghĩa và bài học của Hội nghị Pari...

Descripció completa

Guardat en:
Dades bibliogràfiques
Altres autors: Nguyễn Văn Khánh, Trương Minh Dục, Nguyễn Quốc Hùng, Nguyễn Thị Chinh, Vũ Dương Ninh
Format: Llibre
Idioma:Vietnamese
Publicat: H. Chính trị Quốc gia 2013
Matèries:
Etiquetes: Afegir etiqueta
Sense etiquetes, Sigues el primer a etiquetar aquest registre!
Thư viện lưu trữ: Mạng thư viện Đại học Đà Nẵng
LEADER 01747aam a22003978a 4500
001 000019859
003 16300
005 20141117141112.0
008 141117s2013 viesd
020 |c 94000đ  |d 540b 
041 0 |a vie 
082 1 4 |2 14  |a 959.7043  |b Hiê 
245 0 0 |a Hiệp định Pari 40 năm nhìn lại  |c Nguyễn Văn Khánh, Nguyễn Thị Chinh, Trương Minh Dục... 
260 |a H.  |b Chính trị Quốc gia  |c 2013 
300 |a 446 tr.  |c 24 cm. 
500 |a ĐTTS ghi: Đại học Quốc gia Hà Nội. Trường đại học Khoa học Xã hội và Nhân văn 
520 |a Giới thiệu những bài tham luận của các nhà khoa học nghiên cứu về Hiệp định Pari. Phân tích bối cảnh lịch sử, diễn biến của quá trình đàm phán Hội nghị Pari. Chính sách của Việt Nam và Hoa Kỳ. Quan điểm của các nước. Ý nghĩa và bài học của Hội nghị Pari 
650 0 4 |2 Bộ TK TVQG  |a Chiến tranh Việt Nam  |x Hiệp định Paris 
650 7 |2 Bộ TK TVQG 
650 7 |2 Bộ TK TVQG 
653 |a Hiệp định Paris 
700 1 |a Nguyễn Văn Khánh 
700 1 |a Trương Minh Dục 
700 1 |a Nguyễn Quốc Hùng 
700 1 |a Nguyễn Thị Chinh 
700 1 |a Vũ Dương Ninh 
OWN |a LSP 
AVA |a UDN50  |b LSP  |d 959.7043 Hiê  |e available  |t Error 5001 Not defined in file expand_doc_bib_avail.  |f 3  |g 0  |h N  |i 0  |k 1 
999 |a From the UDN01 
AVA |a UDN50  |b LSP  |d 959.7043 Hiê  |e available  |t Error 5001 Not defined in file expand_doc_bib_avail.  |f 3  |g 0  |h N  |i 0  |k 1 
TYP |a Monograph 
TYP |a Printed language 
980 |a Mạng thư viện Đại học Đà Nẵng